Saunders Nursing Drug HandBook 2018 / (Record no. 2678)
[ view plain ]
| 000 -LEADER | |
|---|---|
| fixed length control field | 00568nam a22001937a 4500 |
| 005 - DATE AND TIME OF LATEST TRANSACTION | |
| control field | 20201116143501.0 |
| 008 - FIXED-LENGTH DATA ELEMENTS--GENERAL INFORMATION | |
| fixed length control field | 201116b ||||| |||| 00| 0 eng d |
| 020 ## - INTERNATIONAL STANDARD BOOK NUMBER | |
| International Standard Book Number | 9780323525091 |
| 040 ## - CATALOGING SOURCE | |
| Transcribing agency | KABLIB |
| 082 ## - DEWEY DECIMAL CLASSIFICATION NUMBER | |
| Edition number | 23 |
| Classification number | 615.7 |
| Item number | KIZ |
| 100 ## - MAIN ENTRY--PERSONAL NAME | |
| Personal name | Kizior,Robert J. |
| 9 (RLIN) | 7220 |
| 245 ## - TITLE STATEMENT | |
| Title | Saunders Nursing Drug HandBook 2018 / |
| Statement of responsibility, etc. | Robert J.Kizior ,Keith J.Hodgson |
| 260 ## - PUBLICATION, DISTRIBUTION, ETC. | |
| Place of publication, distribution, etc. | St Louis : |
| Name of publisher, distributor, etc. | Elsevier , |
| Date of publication, distribution, etc. | c2018. |
| 300 ## - PHYSICAL DESCRIPTION | |
| Extent | xxv,1322p.: |
| Other physical details | 20cm |
| 500 ## - GENERAL NOTE | |
| General note | includes:index (p.1305-1322) |
| 650 ## - SUBJECT ADDED ENTRY--TOPICAL TERM | |
| Topical term or geographic name entry element | nursing |
| 9 (RLIN) | 7221 |
| 700 ## - ADDED ENTRY--PERSONAL NAME | |
| Personal name | Hodgson,Keith J |
| 9 (RLIN) | 7222 |
| 942 ## - ADDED ENTRY ELEMENTS (KOHA) | |
| Source of classification or shelving scheme | Dewey Decimal Classification |
| Koha item type | Book |
| Withdrawn status | Lost status | Source of classification or shelving scheme | Damaged status | Not for loan | Home library | Current library | Shelving location | Date acquired | Total Checkouts | Full call number | Barcode | Date last seen | Price effective from | Koha item type |
|---|---|---|---|---|---|---|---|---|---|---|---|---|---|---|
| Dewey Decimal Classification | Education Library | Education Library | Open Access Section | 16.11.2020 | 615.7 KIZ | 7426 | 16.11.2020 | 16.11.2020 | Book | |||||
| Dewey Decimal Classification | Education Library | Education Library | Reserve Section | 16.11.2020 | 615.7 KIZ | 7427 | 16.11.2020 | 16.11.2020 | Book | |||||
| Dewey Decimal Classification | Education Library | Education Library | Open Access Section | 16.11.2020 | 615.7 KIZ | 7428 | 16.11.2020 | 16.11.2020 | Book |